[Event "II Open del Mercantil"]
[Site "Sevilla ESP"]
[Date "2006.01.23"]
[Round "4"]
[White "Garcia Luque,A"]
[Black "Kononenko,T"]
[Result "0-1"]
[WhiteElo "2355"]
[BlackElo "2417"]

1.Nf3 d5 2.g3 c6 3.Bg2 Bg4 4.d3 Nd7 5.Nbd2 Ngf6 6.h3 Bh5 7.g4 Bg6 8.Nh4 e5
9.a3 Bc5 10.e3 a5 11.Nxg6 hxg6 12.g5 Nh7 13.h4 Nhf8 14.c4 d4 15.Ne4 Ne6 16.Qg4 Qb6
17.Rh3 Be7 18.Rf3 Ndc5 19.Bh3 Nxd3+ 20.Kf1 Ndc5 21.Kg2 Rd8 22.b4 axb4 23.axb4 Qxb4
24.Nxc5 Nxc5 25.exd4 Rxd4 26.Ra8+ Bd8 27.Qg3 O-O 28.Qxe5 Re4 29.Qd6 Be7 30.Rxf8+ Bxf8
31.Qd8 Qxc4 32.Ba3 Qd5 33.Qxd5 cxd5 34.h5 Ne6 35.Bxf8 Nxf8 36.Rb3 gxh5 37.Rxb7 Ng6
38.Kg3 h4+ 39.Kf3 Ne5+ 40.Kg2 g6 41.Rb8+ Kg7 42.Rd8 d4 43.Bc8 d3 44.Rd5 Re2
45.Ba6 Ng4 46.Bxd3 Rxf2+ 47.Kh3 Ne3 48.Rd7 Rf4 49.Bb1 Rf1 50.Be4 Rf4 51.Bb1 Nc4
52.Re7 Nd6 53.Ba2 Kf8 54.Ra7 Ne4 55.Ra5 Nf2+ 56.Kh2 Kg7 57.Bb3 Ne4 58.Re5 Nd2
59.Bd1 Nf3+ 60.Bxf3 Rxf3 61.Re4 Rg3 62.Re5 Rf3 63.Re4 h3 64.Ra4 Kf8 65.Re4 Kg7
66.Ra4 Rf5 67.Rg4 Rf3 68.Ra4 Kf8 69.Re4 f6 70.gxf6 Kf7 71.Ra4 Kxf6 72.Ra6+ Kg5
73.Ra4 Kh5 74.Rb4 g5 75.Rb8 Kh4 76.Rh8+ Kg4 77.Ra8 Rf2+ 78.Kg1 Kg3 79.Ra1 g4
80.Ra3+ Rf3 81.Ra1 Rb3 82.Rc1 Kh4 83.Rc4 Rb1+ 84.Kh2 Rb2+ 85.Kh1 Re2 86.Ra4 Kg3
87.Ra1 Kf2 88.Rf1+ Ke3 89.Rg1 Kf4 90.Rf1+ Kg5 91.Ra1 g3 92.Rb1 Kf4 93.Ra1 Rd2
94.Kg1 Ke3 95.Re1+ Kd3 96.Kh1 Kc2  0-1

[Event "65th ch-GEO"]
[Site "Tbilisi GEO"]
[Date "2006.01.23"]
[Round "2"]
[White "Magalashvili,D"]
[Black "Sulashvili,M"]
[Result "1/2-1/2"]
[WhiteElo "2456"]
[BlackElo "2376"]

1.Nf3 d5 2.g3 Nf6 3.Bg2 c6 4.O-O Bg4 5.d3 Nbd7 6.Nbd2 e5 7.e4 Bd6 8.h3 Bh5
9.exd5 cxd5 10.c4 O-O 11.cxd5 Nxd5 12.Qb3 N7b6 13.Nc4 Re8 14.Nh4 Qd7 15.Nxd6 Qxd6
16.a4 a5 17.Bd2 f6 18.Rfc1 Red8 19.Nf5 Qd7 20.Be3 Bf7 21.Bxb6 Nxb6 22.Nh6+ gxh6
23.Qxb6 Qd6 24.Qxb7 Rab8 25.Qf3 Rxb2 26.Rc6 Qd4 27.Rxf6 Rxf2 28.Qxf2 Qxa1+
29.Kh2 Qa2 30.Qxa2 Bxa2 31.Ra6 Rxd3 32.Rxa5 Rd4  1/2-1/2

[Event "II Open del Mercantil"]
[Site "Sevilla ESP"]
[Date "2006.01.25"]
[Round "6"]
[White "Garcia Luque,A"]
[Black "Fernandez Romero,Ern"]
[Result "1/2-1/2"]
[WhiteElo "2355"]
[BlackElo "2460"]

1.Nf3 d5 2.g3 c6 3.d3 Nf6 4.Nbd2 Bg4 5.h3 Bh5 6.g4 Bg6 7.Nh4 e5 8.e3 Bd6
9.Bg2 Nbd7 10.O-O Ng8  1/2-1/2

[Event "Bundesliga 2005-6"]
[Site "Muelheim Nord GER"]
[Date "2006.01.28"]
[Round "8"]
[White "Fridman,D2"]
[Black "Hansen,SuB"]
[Result "1/2-1/2"]
[WhiteElo "2559"]
[BlackElo "2555"]

1.Nf3 d5 2.g3 Bg4 3.Bg2 Nd7 4.d4 e6 5.O-O Ngf6 6.Nbd2 Be7 7.Re1 O-O 8.e4 c5
9.exd5 Nxd5 10.Ne4 cxd4 11.Qxd4 Nb4 12.Qd1 Nb6 13.Qe2 Rc8 14.c3 Nd3 15.Rd1 Nxc1
16.Raxc1 Qc7 17.h3 Bh5 18.c4 Rfd8 19.b3 Nd7 20.Rc2 Ne5 21.Rcd2 Rxd2 22.Nexd2 Nc6
23.Ne4 Rd8 24.Rxd8+ Qxd8 25.Qd2 Qxd2 26.Nexd2 b6 27.Kf1 f5 28.Ne1 Nb4 29.a3 Na2
30.b4 Nc3 31.Bf3 Be8 32.Nd3 Bf6 33.Bb7 Kf8 34.f4 Ke7 35.Ke1 Kd6 36.Bc8 Bc6
37.c5+ Kd5 38.Nf3 Ne4 39.cxb6 axb6 40.Nde5 Ba8 41.g4 Nd6 42.Bd7 Ke4 43.Kf2 Bd5
44.Nd2+ Kd4 45.Ndf3+ Ke4 46.Nd2+ Kd4 47.Ndf3+ Kc3 48.Ke3 Kb3 49.Nd4+ Kxa3
50.g5 Bxe5  1/2-1/2

[Event "Bundesliga 2005-6"]
[Site "Muelheim Nord GER"]
[Date "2006.01.28"]
[Round "8"]
[White "Hausrath,D"]
[Black "Sebastian,D"]
[Result "1-0"]
[WhiteElo "2466"]
[BlackElo "2377"]

1.Nf3 d5 2.g3 Bg4 3.Bg2 Nd7 4.d4 e6 5.O-O Ngf6 6.Nbd2 Be7 7.Re1 O-O 8.e4 c5
9.exd5 Nxd5 10.Nf1 cxd4 11.Qxd4 Bh5 12.Ne3 Bf6 13.Qa4 N7b6 14.Qb3 Qc7 15.Nxd5 Nxd5
16.Bd2 Rac8 17.Rac1 b5 18.Ng5 Qc4 19.Ne4 Be7 20.Qxc4 bxc4 21.Nc3 Nxc3 22.Bxc3 Rfd8
23.Be4 Bf6 24.Re3 Rb8 25.Bxf6 gxf6 26.b3 Rbc8 27.Rc3 cxb3 28.Rxc8 Rxc8 29.axb3 f5
30.Bd3 Bf3 31.Kf1 Kg7 32.Ke1 Kf6 33.Ra1 Rc7 34.Kd2 Bd5 35.f4 Ke7 36.Ke3 Kf6
37.Kd4 Rd7 38.Ke3 Rc7 39.Ra5 Bg2 40.b4 Be4 41.c4 Bg2 42.b5 Ke7 43.Kd4 Bf3
44.c5 Rd7+ 45.Kc3 Bg2 46.Bc4 Be4 47.Kb4 Bf3 48.c6 Rc7 49.Kc5 Be4 50.Be2 Bg2
51.Ra3 Be4 52.Bf3 h6 53.Re3 Bc2 54.Rc3 Be4 55.Bxe4 fxe4 56.b6 axb6+ 57.Kxb6 Kd8
58.Ra3 Rc8 59.Kc5 Ke7 60.Ra7+ Kf6 61.c7 e3 62.Kd6 Kf5 63.Ra5+ Ke4 64.Re5+ Kf3
65.Kd7 Rg8 66.c8=Q Rxc8 67.Kxc8 Kf2 68.Kd7 e2 69.Ke7 e1=Q 70.Rxe1  1-0

[Event "11th HIT Open A"]
[Site "Nova Gorica SLO"]
[Date "2006.01.28"]
[Round "4"]
[White "Martinovic,Sa"]
[Black "Goh Koon Jong,J"]
[Result "1/2-1/2"]
[WhiteElo "2260"]
[BlackElo "2428"]

1.Nf3 d5 2.g3 c6 3.Bg2 Bg4 4.O-O Nd7 5.d3 Ngf6 6.Nbd2 e5 7.e4 dxe4 8.dxe4 Bc5
9.h3 Bh5 10.Qe1 O-O 11.Nb3 Be7 12.a4 a5 13.Bd2 b6 14.Bc3 Qc7 15.Nfd2 b5 16.axb5 cxb5
17.Bxa5 Qxc2 18.g4 Bg6 19.Qe2 Nc5 20.Nxc5 Qxc5 21.Rac1 Qa7 22.Bc7 Qd4 23.Nf3 Qa4
24.Nxe5 Bxe4 25.b3 Qb4 26.Bxe4 Qxe4 27.Qxb5 Ra2 28.Rfe1 Qd4 29.Qb6 Qxb6 30.Bxb6 Bb4
31.Ra1 Rxa1 32.Rxa1 Bc3 33.Ra5 Bxe5 34.Rxe5 Nd7 35.Bd4 Nxe5 36.Bxe5 f6 37.Bd6 Rd8
38.Bc5 Kf7 39.b4 Rd3 40.Kg2 Rb3 41.f3 Ke6 42.Kg3 Ke5 43.Bf8 g6 44.Bc5 f5
45.gxf5 Kxf5 46.h4 Rd3 47.Bf2 Rb3 48.Bc5 Rb2 49.Be7 Ke6 50.Bc5 Kd5 51.Kf4 Rb3
52.Kg4 Rd3 53.Kf4 Ke6 54.Be3 Rd5 55.Bc5 Rf5+ 56.Kg3 Kd5 57.Be7 Kd4 58.Kf2 Kd3
59.Bd6 Rf6 60.Bc5 Re6 61.Kg3 Ke2 62.Kg4 Rf6 63.f4 Rf5 64.Kg3 Kd3 65.Kf3 Kc4
66.Ke4 Kb5 67.Kf3 Kc6 68.Ke4 Kd7 69.Kf3 Ke6 70.Ke4 Rd5 71.Bd4 Rb5 72.Bc3 Rb8
73.Be1 Rb7 74.Bc3 Rc7 75.Bd4 Rc1 76.b5 Rb1 77.b6 Rb4 78.Kd3 Kf5 79.Kc3 Rb1
80.Kc4 Ke4 81.Bc5 Kxf4 82.Bb4 Rd1 83.b7 Rd8 84.Kb5 Kg4 85.Kc6 Rb8 86.Be7 h6
87.Kc7 Rxb7+ 88.Kxb7 g5 89.hxg5  1/2-1/2

[Event "14th FAJR Open"]
[Site "Tehran IRI"]
[Date "2006.01.28"]
[Round "5"]
[White "Babaev,Ra"]
[Black "Nasri,A"]
[Result "1-0"]
[WhiteElo "2473"]
[BlackElo "2266"]

1.Nf3 d5 2.g3 c5 3.Bg2 Nc6 4.O-O e5 5.d3 Be7 6.a3 Bg4 7.Nbd2 h5 8.c4 d4 9.b4 Qc7
10.h3 Be6 11.Ne4 h4 12.Nfg5 Bc8 13.bxc5 hxg3 14.Nd6+ Bxd6 15.cxd6 Qxd6 16.fxg3 f6
17.Ne4 Qc7 18.g4 Nge7 19.Rb1 Nd8 20.c5 O-O 21.Bd2 Be6 22.Qe1 Bd5 23.Qh4 Ne6
24.Rf5 Ng6 25.Qh5 Nef4 26.Bxf4 Nxf4 27.Rxf4 Bf7 28.Qf5 exf4 29.Rxb7 Qc8 30.Qxf4 Rb8
31.Rxa7 Rb1+ 32.Kh2 Rb2 33.Bf3 Bg6 34.Kg2 Bxe4 35.Qxe4 Qxc5 36.Rd7 Qc1 37.Qg6 Rxe2+
38.Bxe2 Qc6+ 39.Bf3 Qxd7 40.Be4 Rc8 41.Qh7+ Kf8 42.Qh8+ Kf7 43.Qh5+ Kf8 44.Qh8+ Kf7
45.Qh5+ Ke7 46.Qh7 Rc2+ 47.Kf3 Kd6 48.Qg8 Rc8 49.Qd5+ Ke7  1-0

[Event "14th FAJR Open"]
[Site "Tehran IRI"]
[Date "2006.01.28"]
[Round "5"]
[White "Daneshpour,SH"]
[Black "Badjarani,I"]
[Result "0-1"]
[WhiteElo "2173"]
[BlackElo "2323"]

1.Nf3 d5 2.g3 Nf6 3.Bg2 c5 4.c4 e6 5.O-O Nc6 6.cxd5 Nxd5 7.d4 Be7 8.e4 Nb6
9.dxc5 Qxd1 10.Rxd1 Bxc5 11.Nc3 f6 12.e5 f5 13.a3 a6 14.b4 Be7 15.b5 axb5
16.Nxb5 O-O 17.Nd6 Nd5 18.Nxc8 Rfxc8 19.Bb2 Nb6 20.Nd4 Nc4 21.Bc3 Nd8  0-1

[Event "Bundesliga 2005-6"]
[Site "Kirchheim GER"]
[Date "2006.01.29"]
[Round "9"]
[White "Zysk,R"]
[Black "Rudolph,Joh"]
[Result "1-0"]
[WhiteElo "2458"]
[BlackElo "2314"]

1.Nf3 d5 2.g3 c6 3.Bg2 Nf6 4.d3 Bf5 5.Nbd2 Nbd7 6.b3 e5 7.Bb2 Bd6 8.O-O O-O
9.e4 Bg4 10.h3 Bh5 11.Qe1 Re8 12.Nh4 Bg6 13.Kh1 Bb4 14.a3 Ba5 15.Nxg6 hxg6
16.Rd1 Qe7 17.b4 Bc7 18.exd5 cxd5 19.c4 a5 20.cxd5 axb4 21.axb4 Nb6 22.Ne4 Nfxd5
23.Nc5 Ra2 24.Rb1 Bd6 25.d4 exd4 26.Qxe7 Rxe7 27.Bxd4 Be5 28.Bxe5 Rxe5 29.Nd3 Re7
30.Rb3 Nf6 31.Rc3 Ne4 32.Rcc1 Rd2 33.Rcd1 Rxd1 34.Rxd1 Nc3 35.Ra1 Nbd5 36.Ra8+ Kh7
37.Rd8 Nf6 38.Rb8 Nfd5 39.Rd8 Nf6 40.Kg1 Ne2+ 41.Kf1 Nc3 42.h4 b6 43.Bc6 Rc7
44.b5 Re7 45.Rb8 Nfd5 46.Nb2 Re4 47.Nd1 Re6 48.Rd8 Nxd1 49.Rxd5 Nc3 50.Rd3 Na4
51.Rd7 f6 52.Bd5 Re5 53.f4 Re8 54.Rd6 Rb8 55.Kf2 Nc3 56.Bc6 Kg8 57.Ke3 Na4
58.g4 Nc5 59.g5 Kf7 60.Bd5+ Ke7 61.Rc6 Rd8 62.Bc4 Rd6 63.Rxd6 Kxd6 64.Bf7 Na4
65.gxf6 gxf6 66.Bxg6 Nc3 67.Bd3 Ke6 68.Kd4 Na4 69.h5 Nc5 70.h6 Kf7 71.h7 Kg7
72.Bf5 Nb3+ 73.Kd5 Na5 74.Kd6 Nc4+ 75.Kc6 Ne3 76.Bd3 Kh8  1-0

[Event "14th FAJR Open"]
[Site "Tehran IRI"]
[Date "2006.01.29"]
[Round "7"]
[White "Gaprindashvili,V"]
[Black "Ghane,S"]
[Result "0-1"]
[WhiteElo "2466"]
[BlackElo "2345"]

1.Nf3 d5 2.g3 Bg4 3.Bg2 Nd7 4.d3 Ngf6 5.h3 Bh5 6.O-O e6 7.b3 Be7 8.Bb2 O-O
9.Nbd2 a5 10.a3 c6 11.e4 Ne8 12.Qe2 Nc7 13.Rfe1 Re8 14.Nf1 Bf6 15.Bxf6 Qxf6
16.g4 Bg6 17.h4 h6 18.Qd2 a4 19.e5 Qe7 20.h5 Bh7 21.b4 f6 22.c4 Rf8 23.cxd5 Nxd5
24.Ne3 fxe5 25.Nc4 Nf4 26.Ncxe5 Nxe5 27.Nxe5 Rad8 28.d4 Qg5 29.Rad1 Rf6 30.f3 g6
31.hxg6 Bxg6 32.Nxg6 Qxg6 33.Re5 Rdf8 34.Rf1 h5 35.gxh5 Qg3 36.Kh1 Kh8 37.Rf2 Rg8
38.Re4 Rf5 39.Rxf4 Rxf4 40.Kg1 Qg5 41.Qe3 Qf6 42.Kh2 Rg5 43.Bh3 Rxh5 44.Kg2 Qg5+
45.Kf1 Rxh3 46.Qxe6 Rh1+ 47.Ke2 Qb5+  0-1

[Event "ch-Serbia"]
[Site "Vrnjacka Banja SCG"]
[Date "2006.01.31"]
[Round "2"]
[White "Djosic,S"]
[Black "Certic,B"]
[Result "1/2-1/2"]
[WhiteElo "2279"]
[BlackElo "2405"]

1.Nf3 d5 2.g3 g6 3.Bg2 Bg7 4.O-O c6 5.d3 Nf6 6.Nbd2 O-O 7.e4 dxe4 8.dxe4 Bg4
9.h3 Bxf3 10.Qxf3 Nbd7 11.Qe2 e5 12.b3 Re8 13.Bb2 Qc7 14.a4 a5 15.Nc4 Nb6
16.Rad1 Nxc4 17.Qxc4 Rad8 18.Qe2 Nd7 19.Rd3 Nc5 20.Rxd8 Qxd8 21.Rd1 Qb6 22.Qc4 Ne6
23.Rd7 Rd8 24.Qd3 Rxd7 25.Qxd7 Qc5 26.Qd1 b5 27.Qd2 bxa4 28.bxa4 Nd4 29.Bxd4 exd4
30.Bf1 h5 31.h4 Be5  1/2-1/2

[Event "Gibtelecom Masters"]
[Site "Gibraltar ENG"]
[Date "2006.02.01"]
[Round "9"]
[White "Rautanen,S"]
[Black "Reppen,E"]
[Result "1/2-1/2"]
[WhiteElo "1929"]
[BlackElo "1851"]

1.Nf3 d5 2.g3 Nf6 3.Bg2 g6 4.O-O Bg7 5.d3 O-O 6.Nbd2 Nbd7 7.e4 dxe4 8.dxe4 e5
9.Qe2 b6 10.a4 Bb7 11.Rd1 Qe7 12.Ne1 Rad8 13.b3 Qe6 14.Ba3 Rfe8 15.h3 c5
16.a5 Nb8 17.Bb2 Nc6 18.axb6 axb6 19.Nc4 Nd4 20.Qe3 Nh5 21.Kh2 h6 22.Rdc1 Kh7
23.Nf3 Qc6 24.Ne1 Nf6 25.Nd2 h5 26.Bxd4 Bh6 27.Qe2 Rxd4 28.Nef3 Rdd8 29.Rd1 Bxd2  1/2-1/2

[Event "11th HIT Open A"]
[Site "Nova Gorica SLO"]
[Date "2006.02.01"]
[Round "9"]
[White "Skoberne,J"]
[Black "Korneev,O"]
[Result "1/2-1/2"]
[WhiteElo "2344"]
[BlackElo "2649"]

1.Nf3 d5 2.g3 c6 3.Bg2 Bg4 4.O-O Nd7 5.d3 Ngf6 6.Nbd2 e5 7.e4 dxe4 8.dxe4 Bc5
9.h3 Bh5 10.Qe1 O-O 11.Nc4 Re8 12.a4 Qc7 13.Nh4 Bf8 14.Bg5 Re7 15.a5 Rb8
16.Nf5 Bg6 17.Be3 b5 18.axb6 axb6 19.b4 Ree8 20.Rb1 b5 21.Nd2 Nb6 22.Nh4 Ra8
23.Nxg6 hxg6 24.c4 bxc4 25.Qc1 Reb8 26.Nxc4 Nxc4 27.Qxc4 Ra4 28.Rfc1 Raxb4
29.Rxb4 Bxb4 30.Qxc6 Qxc6 31.Rxc6 Rd8 32.Bf3 Ne8 33.Rc4 Ba3 34.Be2 Bb2 35.Ra4 Bd4
36.Bxd4 exd4 37.Bc4 Nf6 38.Bd5 Kf8 39.Rxd4 Nxe4 40.Rxe4 Rxd5 41.h4 f5 42.Ra4 Rd7
43.Kg2 Kf7 44.Kf3 Rd2 45.Ra7+ Kg8 46.Ra8+ Kh7 47.Rb8 Rd7 48.Kf4 Rd4+ 49.Kf3 g5
50.hxg5 Kg6 51.Rb7 Rg4 52.Ra7 Rxg5 53.Rb7 Rg4 54.Ra7 Rb4 55.Rc7 Kf6 56.Ra7 Rb3+
57.Kg2 Rb6 58.Ra5 g5 59.Rc5 Ke6 60.Ra5 Rb4 61.Rc5 Rd4 62.Ra5 Rd5 63.Ra6+ Ke5
64.Rg6 g4 65.Ra6 Ke4 66.Ra4+ Kd3 67.Rf4 Ke2 68.Kg1 Ra5 69.Kg2  1/2-1/2

[Event "ch-Serbia"]
[Site "Vrnjacka Banja SCG"]
[Date "2006.02.02"]
[Round "5"]
[White "Ristovic,M"]
[Black "Rosandic,M"]
[Result "1-0"]
[WhiteElo "2132"]
[BlackElo "1857"]

1.Nf3 d5 2.g3 Nc6 3.d4 Nf6 4.Bg2 e6 5.O-O h6 6.c4 dxc4 7.Qa4 Bd7 8.Qxc4 Na5
9.Qc3 c6 10.Ne5 Nd5 11.Bxd5 cxd5 12.Nxd7 Kxd7 13.Qf3 Ke8 14.Nc3 Nc6 15.Rd1 b6
16.Bf4 Rc8 17.e4 dxe4 18.Qxe4 Qe7 19.Nb5 Qb4 20.Nc7+ Kd7 21.Rac1 Na5 22.a3 Qxb2
23.d5 Bc5 24.dxe6+ Ke7 25.exf7+ Kxf7 26.Qe6+ Kf8 27.Rxc5 g6 28.Bd6+  1-0

[Event "Open"]
[Site "Moscow RUS"]
[Date "2006.02.03"]
[Round "6"]
[White "Nechepurenko,R"]
[Black "Potkin,V"]
[Result "1/2-1/2"]
[WhiteElo "2430"]
[BlackElo "2557"]

1.Nf3 d5 2.g3 Nf6 3.Bg2 c6 4.O-O Bf5 5.d3 e6 6.c4 dxc4 7.dxc4 Nbd7 8.Nc3 Bb4
9.Bd2 O-O 10.Nh4 Bg4 11.h3 Bh5 12.g4 Ne8 13.Ne4 Be7 14.gxh5 Bxh4 15.h6 g6
16.Bc3 f5 17.Nd6 Nxd6 18.Qxd6 Qe7 19.Rad1 Nb6 20.e4 Rad8 21.Qxe7 Bxe7 22.exf5 Rxf5
23.h4 Rxd1 24.Rxd1 Kf7 25.Bh3 Rh5 26.Re1 Rxh6 27.Bxe6+ Kf8 28.Re3 Rxh4  1/2-1/2

[Event "ch-Serbia"]
[Site "Vrnjacka Banja SCG"]
[Date "2006.02.04"]
[Round "8"]
[White "Ristovic,M"]
[Black "Brajovic,M"]
[Result "1-0"]
[WhiteElo "2132"]
[BlackElo "2192"]

1.Nf3 d5 2.g3 Nf6 3.Bg2 e6 4.O-O Be7 5.d4 O-O 6.c4 b6 7.Nc3 Bb7 8.Ne5 c6
9.b3 Nbd7 10.Nxd7 Qxd7 11.cxd5 exd5 12.Bb2 Rfe8 13.e3 Rac8 14.Rc1 h6 15.Qd3 Bd6
16.Rfd1 Qe7 17.Rc2 Ne4 18.Nxe4 dxe4 19.Qe2 Qg5 20.a3 f5 21.Rdc1 Kh7 22.b4 Qe7
23.h4 Ra8 24.Bh3 Rf8 25.b5 c5 26.a4 Bd5 27.dxc5 Bxc5 28.a5 Qf7 29.a6 Rad8
30.Rd2 Be6 31.Bf1 Qg6 32.Be5 Rxd2 33.Qxd2 Qf7 34.Rd1 g5 35.hxg5 hxg5 36.Be2 Kg6
37.Kg2 g4 38.Rh1 Be7 39.Qb2 Bf6 40.Qa1 Qg7 41.Bxf6 Qxf6 42.Qa3 Rd8 43.Qb4 Qf8
44.Qb3 Qc5  1-0

[Event "ch-GER"]
[Site "Osterburg GER"]
[Date "2006.02.09"]
[Round "7"]
[White "Schoene,R"]
[Black "Gikas,B"]
[Result "1-0"]
[WhiteElo "2339"]
[BlackElo "2231"]

1.Nf3 d5 2.g3 Nf6 3.Bg2 c6 4.d3 Bf5 5.Nh4 Bg4 6.h3 Bh5 7.g4 Bg6 8.e3 e6 9.Nxg6 hxg6
10.Nc3 Bd6 11.Bd2 Qb6 12.b3 Nbd7 13.Qe2 Bb4 14.Na4 Qa5 15.c3 Be7 16.g5 Nh5
17.h4 b5 18.Nb2 Rb8 19.d4 Qc7 20.Nd3 Bd6 21.Rc1 Qb7 22.Rc2 Ke7 23.e4 Kf8
24.e5 Be7 25.O-O Qb6 26.Be3 f6 27.Re1 f5 28.c4 bxc4 29.bxc4 Ba3 30.Rc3 Qa6
31.cxd5 cxd5 32.Nf4 Qxe2 33.Nxg6+  1-0

[Event "22nd Open"]
[Site "Cappelle la Grande FRA"]
[Date "2006.02.18"]
[Round "1"]
[White "Frois,A"]
[Black "Luther,T"]
[Result "0-1"]
[WhiteElo "2381"]
[BlackElo "2569"]

1.Nf3 d5 2.g3 Nf6 3.Bg2 e6 4.O-O Be7 5.d3 O-O 6.Nbd2 b5 7.e4 a5 8.a4 b4 9.exd5 exd5
10.d4 Nbd7 11.Nb3 c5 12.dxc5 Nxc5 13.Nfd4 Bg4 14.Bf3 Nxb3 15.cxb3 Qd7 16.Bg5 Rfe8
17.Rc1 Bxf3 18.Qxf3 Ne4 19.Bxe7 Rxe7 20.Rfd1 g6 21.Qd3 Rae8 22.Qb5 Qh3 23.Rc7 Nxf2
24.Rxe7 Rxe7 25.Qb8+ Kg7 26.Kxf2 Qxh2+ 27.Kf3 Re4 28.Rd3 Qg1  0-1

[Event "Bundesliga 2005-6"]
[Site "Solingen GER"]
[Date "2006.02.18"]
[Round "10"]
[White "Thiede,L"]
[Black "Appel,R"]
[Result "1/2-1/2"]
[WhiteElo "2460"]
[BlackElo "2488"]

1.g3 d5 2.Nf3 Bg4 3.Bg2 c6 4.Ne5 Bf5 5.c4 Nd7 6.d4 e6 7.Qb3 Nxe5 8.dxe5 Qb6
9.Be3 Qxb3 10.axb3 Bb4+ 11.Bd2 Bc5 12.b4 Bd4 13.Bc3 Bxc3+ 14.Nxc3 dxc4 15.b5 Ne7
16.bxc6 Nxc6 17.Bxc6+ bxc6 18.Kd2 O-O-O+ 19.Ke3 Rd7 20.Ra6 Kb8 21.Rxc6 Rb7
22.Rd1 Rxb2 23.Rd7 Rb7 24.Rxb7+ Kxb7 25.Rxc4 a6 26.Na4 Rd8 27.Rb4+  1/2-1/2

[Event "22nd Open"]
[Site "Cappelle la Grande FRA"]
[Date "2006.02.19"]
[Round "2"]
[White "Wirig,A"]
[Black "Delort,F"]
[Result "1-0"]
[WhiteElo "2410"]
[BlackElo "2178"]

1.Nf3 d5 2.g3 c6 3.c4 Nf6 4.Bg2 Bg4 5.Ne5 Bf5 6.cxd5 cxd5 7.Nc3 e6 8.Qa4+ Nbd7
9.g4 Bc2 10.Nxf7 Bxa4 11.Nxd8 Rxd8 12.Nxa4 Nxg4 13.Bh3 Ngf6 14.Bxe6 Bd6 15.d4 Ke7
16.Bf5 Rhf8 17.Nc3 h6 18.h4 Nb6 19.Rg1 Nh5 20.Bg4 Nf4 21.Bxf4 Bxf4 22.e3 Bd6
23.Ke2 Bb4 24.Rac1 a6 25.a3 Bxc3 26.Rxc3 Rf6 27.b3 g5 28.hxg5 hxg5 29.Rh1  1-0

[Event "EU-chT Seniors"]
[Site "Dresden GER"]
[Date "2006.02.19"]
[Round "3"]
[White "Clemens,C"]
[Black "Rost van Tonningen,O"]
[Result "1-0"]
[WhiteElo "2295"]
[BlackElo "2146"]

1.g3 d5 2.Nf3 Nf6 3.Bg2 e6 4.O-O Be7 5.c4 c6 6.b3 O-O 7.Bb2 Nbd7 8.d4 b6
9.Qc2 Ba6 10.Nbd2 Rc8 11.e4 Nxe4 12.Nxe4 dxe4 13.Qxe4 c5 14.Rfd1 cxd4 15.Nxd4 Nf6
16.Qe2 Qc7 17.Nc6 Bd6 18.Nxa7 Bxg3 19.Nxc8 Bxh2+ 20.Kh1 Rxc8 21.Rd3 Bd6 22.Bxf6 gxf6
23.Rad1 Be5 24.Rd7 Qb8 25.Qg4+ Kh8 26.Rxf7 f5 27.Qh5 Bg7 28.Rxg7  1-0

[Event "Bundesliga 2005-6"]
[Site "Koelln GER"]
[Date "2006.02.19"]
[Round "11"]
[White "Schebler,G"]
[Black "Graf,A"]
[Result "1-0"]
[WhiteElo "2465"]
[BlackElo "2604"]

1.Nf3 d5 2.g3 Nf6 3.Bg2 e6 4.O-O Be7 5.c4 O-O 6.d4 Nc6 7.Nbd2 a5 8.e3 b6
9.b3 a4 10.Bb2 Bb7 11.Qb1 Ra7 12.Re1 Bb4 13.cxd5 exd5 14.a3 Bxd2 15.Nxd2 axb3
16.Nxb3 Qd7 17.Qc2 Rfa8 18.Rac1 Ne8 19.e4 Na5 20.Nxa5 Rxa5 21.e5 c5 22.Re3 Nc7
23.Rb3 Qc6 24.dxc5 bxc5 25.Qd2 Rb5 26.Rxb5 Qxb5 27.Bf1 Qb6 28.Qc2 Ne6 29.Rb1 Qc7
30.f4 d4 31.Bc1 Rd8 32.f5 Nf8 33.Bf4 Qc8 34.h4 Ba8 35.Kh2 Qd7 36.Bd3 Qc6
37.Rg1 Bb7 38.a4 Qxa4 39.Qxa4 Ra8 40.Qc2 c4 41.Bxc4 d3  1-0

[Event "US Amateur Team East"]
[Site "Parsippany USA"]
[Date "2006.02.19"]
[Round "4"]
[White "Mac Intyre,P"]
[Black "Bisguier,A"]
[Result "1/2-1/2"]
[WhiteElo "2300"]
[BlackElo "2256"]

1.Nf3 d5 2.g3 Bg4 3.Ne5 Bh5 4.c4 f6 5.Qa4+ c6 6.Nd3 dxc4 7.Qxc4 e5 8.Bh3 Nd7
9.f4 Bf7 10.Be6 Bxe6 11.Qxe6+ Qe7 12.Qxe7+ Bxe7 13.fxe5 fxe5 14.b3 e4 15.Nf4 Bf6
16.Nc3 O-O-O 17.Bb2 e3 18.d3 Nh6 19.O-O-O Ng4 20.Rdf1 Rhe8 21.Nd1 Bxb2+ 22.Kxb2 Nc5
23.b4 Nxd3+ 24.Nxd3 Rxd3 25.exd3 e2 26.Rf7 Nxh2 27.Nc3 e1=Q 28.Rxe1 Rxe1
29.Rxg7 Re3 30.Rxh7 Nf3  1/2-1/2

[Event "22nd Open"]
[Site "Cappelle la Grande FRA"]
[Date "2006.02.20"]
[Round "3"]
[White "Leon Hoyos,M"]
[Black "Narciso Dublan,M"]
[Result "1/2-1/2"]
[WhiteElo "2428"]
[BlackElo "2525"]

1.Nf3 d5 2.g3 Bg4 3.Bg2 Nd7 4.O-O e6 5.d3 Bc5 6.Nbd2 Ne7 7.b3 O-O 8.Bb2 a5
9.a3 c6 10.c4 Nc8 11.h3 Bh5 12.Qc2 Re8 13.e4 dxe4 14.dxe4 e5 15.Bc3 Bf8 16.b4 f6
17.Nh4 Qc7 18.Nf5 Bf7 19.Rfd1 Rd8 20.Bf1 b6 21.Nb3 g6 22.Ne3 Nd6 23.Rab1 axb4
24.axb4 Be7 25.Ng4 Be6 26.Nd2 Ra7 27.Rdc1 Nf7 28.Ne3 Rda8 29.Nd5 Qd8 30.Nxe7+ Qxe7
31.Qd1 Ra2 32.h4 h5 33.Bd3 Bg4 34.Qe1 Kg7 35.Bc2 Be6 36.Bb3 R2a7 37.Qe2 Nb8
38.Nf1 Na6 39.Qe1 Nd6 40.Bd2 Nc7 41.Qe3 Kf7 42.Qxb6 Nxe4 43.Be1 Ra6 44.Qe3 Nd6
45.Qc5 Bf5 46.b5 Ne6 47.Qe3 R6a7 48.b6 Bxb1 49.bxa7 Bf5 50.Bb4 c5 51.Bxc5 Nxc5
52.Qxc5 Rxa7 53.Ne3 Rb7 54.Nxf5 Nxf5 55.Qd5+ Kg7 56.c5 Nd4 57.c6 Rc7 58.Qg8+ Kh6
59.Qh8+ Qh7 60.Qxf6 Qg7 61.Qg5+ Kh7 62.Qe3 Rxc6 63.Rxc6 Nxc6 64.Bc2 Nd4 65.Be4 Qf6
66.Kg2 Kg7 67.Qc1 Nf5 68.Qc7+ Qe7 69.Qc2 Qe6 70.Bxf5 Qxf5 71.Qc7+ Kh6 72.Qd8 Kg7
73.Qe7+ Kh6 74.Qd8 Kg7  1/2-1/2

[Event "22nd Open"]
[Site "Cappelle la Grande FRA"]
[Date "2006.02.20"]
[Round "3"]
[White "Miroshnichenko,E"]
[Black "Zilberman,Y"]
[Result "1-0"]
[WhiteElo "2619"]
[BlackElo "2463"]

1.Nf3 d5 2.g3 c6 3.Bg2 Bg4 4.c4 e6 5.O-O Nd7 6.d3 Bxf3 7.Bxf3 dxc4 8.d4 Ngf6
9.Nd2 Nb6 10.e3 Nfd5 11.Qc2 Nb4 12.Qb1 Be7 13.a3 Nd3 14.Qc2 O-O 15.Be4 g6
16.Nxc4 Nxc1 17.Na5 Rb8 18.Rfxc1 Bf6 19.b4 e5 20.dxe5 Bxe5 21.Rab1 Qd7 22.Rd1 Qe7
23.Bf3 Rfd8 24.Qb3 Rxd1+ 25.Rxd1 Rc8 26.Kg2 Rc7 27.Rc1 Nc8 28.Qa4 Nd6 29.Nb3 Nb5
30.Nc5 Bd6 31.Nxb7 Rxb7 32.Bxc6 Nxa3 33.Qxa3 Rxb4 34.Qa2 Be5 35.Rc2 Kg7 36.Bd5 Bf6
37.Qa5 Be5 38.Ra2 Bb8 39.e4 Rb6 40.f4 Qc7 41.Qd2 h5 42.Rc2 Qd7 43.Qc3+ Kh7
44.h4 Qe7 45.Qc8 Kg7 46.e5 a5 47.Rd2 Qb4 48.Rd1 Qf8 49.Qd7 Ra6 50.e6 Ra7
51.Bb7 Bd6 52.Rxd6 Rxb7 53.Qxb7 Qxd6 54.Qxf7+ Kh6 55.Qd7 Qa6 56.Kf2 Qb6+
57.Kf3 Qb3+ 58.Ke4 Qxg3 59.e7 Qe1+ 60.Kd5 Qd1+ 61.Kc6 Qa4+ 62.Kc7 Qxf4+ 63.Qd6 Qe4
64.Qf6 Qc4+ 65.Kd8 Qd5+ 66.Ke8 Qa8+ 67.Kf7 Qd5+ 68.Kf8  1-0

[Event "EU-chT Seniors"]
[Site "Dresden GER"]
[Date "2006.02.20"]
[Round "4"]
[White "Baumgartner,H"]
[Black "Meier,W"]
[Result "1/2-1/2"]
[WhiteElo "2303"]
[BlackElo "2190"]

1.Nf3 d5 2.g3 c6 3.Bg2 Bg4 4.d4 Nd7 5.O-O Ngf6 6.Nbd2 e6 7.Re1 Be7 8.e4 dxe4
9.Nxe4 O-O 10.c3 Qb6 11.Qb3 Qxb3 12.axb3 Nxe4 13.Rxe4 Bxf3 14.Bxf3 Nf6 15.Re1 Rfd8
16.Bd2 a6 17.Ra4 Rd7 18.b4 Rc8 19.Raa1 Nd5 20.Bd1 Bf6 21.Bb3 Nc7 22.Re2 g6
23.Rae1 Kg7 24.g4 h6 25.f4 Nb5 26.Be3 Kh7 27.Bc2 Nd6 28.Bf2 Rg8 29.Bg3 Kh8
30.Kh1 Rdd8 31.Rf1 Rgf8 32.h4 Kg8 33.Bd3 Nc8 34.h5 gxh5 35.gxh5 Ne7 36.f5 exf5
37.Bf4 Kh8 38.Bxh6 Rg8 39.Bxf5 Rd5 40.Ref2 Bh4 41.Rf3 Bg5 42.Bxg5 Rxg5 43.Bh3 Rxh5
44.Kg2 Rhg5+ 45.Rg3 Kg7 46.Rf3 f6 47.Re3 Kf8 48.Kf2 Rxg3 49.Rxg3 a5 50.bxa5 Rxa5
51.Be6 Rh5 52.c4 Rh2+ 53.Rg2 Rxg2+ 54.Kxg2 b6 55.Kf3 Ng6 56.Ke4 Ke7 57.Bf5 Nf8
58.b4 Kd6 59.Bh3 c5 60.dxc5+ bxc5  1/2-1/2

[Event "EU-chT Seniors"]
[Site "Dresden GER"]
[Date "2006.02.20"]
[Round "4"]
[White "Strauss,A"]
[Black "Hoen,R"]
[Result "1-0"]
[WhiteElo "2185"]
[BlackElo "2280"]

1.Nf3 d5 2.g3 Nf6 3.Bg2 e6 4.O-O Be7 5.c4 O-O 6.b3 c5 7.e3 Nc6 8.Bb2 b6 9.Qe2 Bb7
10.Rd1 Qc7 11.Nc3 Rad8 12.Rac1 dxc4 13.bxc4 Qb8 14.d3 Rd7 15.Ne1 Rfd8 16.f4 Na5
17.Bxb7 Qxb7 18.Rc2 a6 19.Nf3 Bd6 20.Ne5 Re7 21.Nb1 Ne8 22.Nd2 Bxe5 23.fxe5 Red7
24.Ne4 Qxe4 25.dxe4 Rxd1+ 26.Kg2 h6 27.Bc3 Nc6 28.Rb2 Nb4 29.a3 Nc6 30.Kh3 R1d3
31.Rxb6 Ne7 32.Bd4 R3xd4 33.exd4 cxd4 34.Qb2 d3 35.Rb8 Nc8 36.Qd2 f6 37.Rxc8 Rxc8
38.Qxd3 Rc7 39.exf6 gxf6 40.c5 Rxc5 41.Qxa6 Kf7 42.a4 Nc7 43.Qd3 Ke7 44.Qb3 Rg5
45.Kg2 h5 46.Qc3 Na6 47.Qc6 Nc5 48.a5 Re5 49.a6 Nxa6 50.Qxa6 f5 51.Qa7+ Kf6
52.Qe3 Kg6 53.h4 fxe4 54.Qf4 Rf5 55.Qxe4 Kf6 56.Kh3 Kf7 57.g4 hxg4+ 58.Kxg4 Kf6
59.h5  1-0

[Event "22nd Open"]
[Site "Cappelle la Grande FRA"]
[Date "2006.02.21"]
[Round "5"]
[White "Neverov,V"]
[Black "Bykhovsky,Av"]
[Result "1/2-1/2"]
[WhiteElo "2554"]
[BlackElo "2464"]

1.Nf3 d5 2.g3 c6 3.Bg2 Bf5 4.b3 h6 5.Bb2 e6 6.O-O Nf6 7.d3 Bc5 8.c4 O-O 9.Nbd2 a5
10.a3 Bh7 11.Ra2 Nbd7 12.Qa1 Re8 13.Ne5 Bf8 14.Ndf3 Nxe5 15.Bxe5 Nd7 16.Bc3 Qb6
17.Rb1 Qa6 18.Nd2 Nc5 19.Bd4 Nd7 20.Be3 Be7 21.Rc1 Bf6 22.Bd4 e5 23.Bb2 d4
24.Qb1 Nc5 25.Ba1 Bg5 26.Rd1 Bxd2 27.Raxd2 a4 28.b4 Nb3 29.Ra2 Rad8 30.Qc2 f5
31.Rb2 Kh8 32.Rbb1 Bg8 33.Bb2 Qa8 34.Re1 Qc8 35.e3 Qd7 36.exd4 exd4 37.Rbd1 Re7
38.Bc1 Rde8 39.Kf1 b5 40.Rxe7 Rxe7 41.cxb5 cxb5 42.Re1 Rxe1+ 43.Kxe1 Bd5
44.Bxd5 Qxd5 45.Qc8+ Qg8 46.Qxg8+ Kxg8 47.Bf4 g5 48.Be5 g4  1/2-1/2